Hacienda pública (Registro nro. 5543)
[ vista simple ]
| 000 -LEADER | |
|---|---|
| fixed length control field | 01687 a2200217 4500 |
| 001 - CONTROL NUMBER | |
| control field | 54383 |
| 005 - DATE AND TIME OF LATEST TRANSACTION | |
| control field | 20260407155816.0 |
| 008 - FIXED-LENGTH DATA ELEMENTS--GENERAL INFORMATION | |
| fixed length control field | 260407a1956 arg spa d |
| 003 - CONTROL NUMBER IDENTIFIER | |
| control field | AR-UNSa-BCEJYS |
| 040 ## - CATALOGING SOURCE | |
| Original cataloging agency | AR-UNSa-BCEJYS |
| Language of cataloging | spa |
| Transcribing agency | AR-UNSa-BCEJYS |
| 080 ## - UNIVERSAL DECIMAL CLASSIFICATION NUMBER | |
| Universal Decimal Classification number | 351.72 |
| Common auxiliary subdivision | Finanzas públicas. Legislación (Contabilidad Pública, Administración financiera...) |
| 100 1# - MAIN ENTRY--PERSONAL NAME | |
| Personal name | Hicks, Ursula K. |
| 245 10 - TITLE STATEMENT | |
| Title | Hacienda pública |
| 264 #1 - PRODUCTION, PUBLICATION, DISTRIBUTION, MANUFACTURE, AND COPYRIGHT NOTICE | |
| Place of production, publication, distribution, manufacture | Madrid : |
| Name of producer, publisher, distributor, manufacturer | Aguilar |
| Date of production, publication, distribution, manufacture, or copyright notice | 1956 |
| 300 ## - PHYSICAL DESCRIPTION | |
| Extent | 392 p. |
| Dimensions | 22 cm. |
| 505 ## - FORMATTED CONTENTS NOTE | |
| Formatted contents note | Primera parte: La contabilidad pública - I. El Estado como empresario y productor - II. Naturaleza del gasto público - III. La elaboración de la política financiera - IV. El control del gasto público - V. El ingreso público - VI. El balance del sector público - Segunda parte: Teoría de la imposición - VII. El arte de la hacienda pública - VIII. Ideales impositivos - IX. El método de análisis de los impuestos - X. La incidencia de los impuestos parciales sobre el coste - XI. Impuestos sobre los bienes capitales - XII. Impuestos generales sobre la renta y los beneficios - XIII. Contribución e impuestos sobre el capital - XIV. Otros impuestos de efectos generales - XV. La teoría de la imposición local - XVI. La incidencia de la tributación y el gasto británicos - Tercera parte: La hacienda pública en la economía nacional - XVII. La hacienda pública y el nivel de actividad - XVIII. La planificación de la inversión pública - XIX. Política de créditos y deuda píblica - XX. El futuro de la contabilidad pública |
| 590 ## - LOCAL NOTE (RLIN) | |
| Local note | niveau_biblio:m niveau_hierar:0 |
| 700 1# - ADDED ENTRY--PERSONAL NAME | |
| Personal name | Villar Palasi, José Luis |
| 700 1# - ADDED ENTRY--PERSONAL NAME | |
| Personal name | De Torres, Manuel |
| 942 ## - ADDED ENTRY ELEMENTS (KOHA) | |
| Koha item type | |
| Withdrawn status | Lost status | Damaged status | Not for loan | Home library | Current library | Shelving location | Date acquired | Total checkouts | Full call number | Barcode | Date last seen | Price effective from | Koha item type |
|---|---|---|---|---|---|---|---|---|---|---|---|---|---|
| Biblioteca Prof. Eusebio Cleto del Rey | Biblioteca Prof. Eusebio Cleto del Rey | 07/04/2026 | 351.72 H631 | L20211 | 07/04/2026 | 07/04/2026 | Libro |